000 00496nam a2200181Ia 4500
001 11009
005 20260306161914.0
008 260306t2006||||xx |||||||||||||| ||spa||
041 _aESP
082 _a985
_bT17
100 _aLechtman, Heather [ed.]
_eAUT
245 0 _aEsferas de interacción prehistóricas y fronteras nacionales modernas:
_blos ándes sur centrales
260 _c2006
300 _a630 páginas :
_c24 cm.
650 _aGEN
654 _aCHU
942 _cLIB
_dJUS
_fJUS
_2ddc
_n
999 _c11009
_d11009